| 000 | 00672nam a2200229Ia 4500 | ||
|---|---|---|---|
| 005 | 20250508163844.0 | ||
| 008 | 008 250505s9999 xx 000 0 eng d | ||
| 020 | _a0-7923-6260-8 | ||
| 037 | _aReference | ||
| 040 |
_aFEDL _beng _cFEDL |
||
| 041 |
_aeng _2eng |
||
| 084 |
_a371.1, WAL _qFEDL |
||
| 100 | _aWallace John | ||
| 245 | 0 | _aTeachers' learning : Stories of science education | |
| 260 |
_aDordrecht, Netherland _bKluwer Academic _c2000 |
||
| 300 | _aix,191p. | ||
| 365 |
_aDFL _b60 |
||
| 650 |
_aTeachers learning; Science education _9776581 |
||
| 700 |
_a Louden William _9776582 |
||
| 942 |
_cREF _h371.1, WAL |
||
| 999 |
_c1385626 _d1385626 |
||